000 00450nam a22001697a 4500
003 NUST - PNEC
005 20170116181157.0
008 160113b xxu||||| |||| 00| 0 eng d
020 _a-
040 _cLIBRARY
082 _a891.4391 AZH
100 _916028
_aAzhar Ghori
245 _aAlama Iqbal ki markatul ara shairi
_cAzhar Ghori
260 _aLahore:
_bAl hamd Publications;
650 _916029
_aUrdu Literature
_xGeneral
942 _2ddc
_cBK
999 _c71265
_d71265